Euskal-Oroitza : (Record no. 158639)
[ view plain ]
| 000 -LEADER | |
|---|---|
| campo de control de longitud fija | 01175nam a2200265 i 4500 |
| 001 - NÚMERO DE CONTROL | |
| campo de control | 158639 |
| 003 - IDENTIFICADOR DE NÚMERO DE CONTROL | |
| campo de control | ES-MaACL |
| 005 - FECHA Y HORA DE LA ÚLTIMA TRANSACCIÓN | |
| campo de control | 20250131222248.0 |
| 008 - DATOS DE LONGITUD FIJA--INFORMACIÓN GENERAL | |
| campo de control de longitud fija | 990819s1881 sp a |||| | spa d |
| 080 ## - NÚMERO DE LA CLASIFICACIÓN DECIMAL UNIVERSAL | |
| Número de la Clasificación Decimal Universal | 929 Calderón de la Barca, Pedro (0:82) |
| 080 ## - NÚMERO DE LA CLASIFICACIÓN DECIMAL UNIVERSAL | |
| Número de la Clasificación Decimal Universal | 821.361-14"18" |
| 100 1# - ENTRADA PRINCIPAL--NOMBRE DE PERSONA | |
| Nombre de persona | Manterola, José ( |
| Fechas asociadas al nombre | 1849-1884) |
| 9 (RLIN) | 129425 |
| 245 10 - MENCIÓN DEL TÍTULO | |
| Título | Euskal-Oroitza : |
| Resto del título | 25 de mayo, Calderón, 1681-1881 = Recuerdo basco / |
| Mención de responsabilidad, etc. | [José de Manterola Beldarrain]. |
| 260 ## - PUBLICACIÓN, DISTRIBUCIÓN, ETC. | |
| Lugar de publicación, distribución, etc. | [San Sebastián : |
| Nombre del editor, distribuidor, etc. | s.n., |
| Fecha de publicación, distribución, etc. | 1881?] ( |
| Fabricante | Imp. de los Hijos de J.R. Baroja) |
| 300 ## - DESCRIPCIÓN FÍSICA | |
| Extensión | [19] p. : |
| Otras características físicas | il. ; |
| Dimensiones | 32 cm. |
| 530 ## - NOTA DISPONIBLE DE FORMULARIO FÍSICO ADICIONAL | |
| Nota de formato físico adicional disponible | Disponible en formato digital. |
| 593 ## - | |
| -- | Autor tomado del final del texto |
| 594 ## - Nota al título y mención de responsabilidad | |
| Nota al título y mención de responsabilidad | Texto en español y euskera. |
| 596 ## - NOTA AL PIE DE IMPRENTA | |
| NOTA AL PIE DE IMPRENTA | Texto fechado en 1881. |
| 600 14 - PUNTO DE ACCESO ADICIONAL DE MATERIA--NOMBRE DE PERSONA | |
| Nombre de persona | Calderón de la Barca, Pedro- |
| Subdivisión general | Homenajes |
| 9 (RLIN) | 33615 |
| 600 14 - PUNTO DE ACCESO ADICIONAL DE MATERIA--NOMBRE DE PERSONA | |
| Nombre de persona | Calderón de la Barca, Pedro- |
| Subdivisión de forma | Poesías. |
| 9 (RLIN) | 170451 |
| 852 4# - LOCALIZACIÓN | |
| Ubicación | ES-MaACL |
| Número de control de estantería | T-395-F-9 |
| Nota libre | - Enc. hol., falto de cub. original |
| -- | - Enc. en un vol. facticio |
| -- | - Dedicatoria autógrafa. de José Manterola, 1881 |
| 856 4# - LOCALIZACIÓN Y ACCESO ELECTRÓNICOS | |
| Identificador Uniforme de Recursos | <a href="http://bdh-rd.bne.es/viewer.vm?id=0000097221&page=1 ">http://bdh-rd.bne.es/viewer.vm?id=0000097221&page=1 </a> |
| Nota pública | Biblioteca Digital Hispánica |
| Estatus retirado | Estado de pérdida | Estado de daño | No para préstamo | Colección | Biblioteca de origen | Biblioteca actual | Ubicación en estantería | Fecha de adquisición | Total de préstamos | Signatura topográfica completa | Código de barras | Visto por última vez | Precio de reemplazo | Tipo de ítem Koha |
|---|---|---|---|---|---|---|---|---|---|---|---|---|---|---|
| Colección de folletos | Biblioteca del Ateneo de Madrid | Biblioteca del Ateneo de Madrid | Depósito folletos | 17/01/2008 | T-395-F-9 | 1166046 | 23/02/2023 | 23/02/2023 | Folleto |
